Akcie na doručiteľa sú Achillovou pätou ministerstiev spravodlivosti a financií

Takmer 1800 akciových spoločností nesplnilo povinnosť zmeniť listinnú podobu akcií na doručiteľa na zaknihovanú. Zákon pritom pozná len jednu sankciu - zrušenie spoločnosti. Nové právne úpravy v tejto oblasti. Chronológia problému akcií na doručiteľa.

Salvato in:
Dettagli Bibliografici
Autore principale: Benčík, Patrik
Natura: Capitolo di libro
Lingua:slovacco
Soggetti:
Tags: Aggiungi Tag
Nessun Tag, puoi essere il primo ad aggiungerne!!

MARC

LEADER 00000naa a2200000 4500
001 r042148
005 20230921111609.3
041 0 |a slo 
044 |a SK 
245 1 0 |a Akcie na doručiteľa sú Achillovou pätou ministerstiev spravodlivosti a financií  |c Patrik Benčík 
520 |a Takmer 1800 akciových spoločností nesplnilo povinnosť zmeniť listinnú podobu akcií na doručiteľa na zaknihovanú. Zákon pritom pozná len jednu sankciu - zrušenie spoločnosti. Nové právne úpravy v tejto oblasti. Chronológia problému akcií na doručiteľa. 
610 2 0 |a akcie na doručiteľa 
610 2 0 |a akcie na meno 
610 2 0 |a spoločnosti akciové 
610 2 0 |a úpravy právne 
610 2 0 |a SCP SR Bratislava 
100 1 |a Benčík, Patrik